000
00263nam a2200109Ia 4500
008
200302s9999 xx 000 0 und d
100
_a
Alan Blanc
245
_a
Mitchell's Internal Components
260
_b
Taylor &Francis Group
260
_c
2016
300
_a
201 P.,
999
_c
4082
_d
4082